Искусство и наука системной практики: материалы международного круглого стола, состоявшегося в ИИАСА(Международного института прикладного системного анализа), 6-8 ноября 1986 года, Лаксендург, Австрия

Opis bibliograficzny
organizacja autorów: Научно-исследовательский институт проблем высшей школы, Искусство и наука системной практики международный круглый стол
Kolejni autorzy: Перегудов Ф. И. (редактор)
Język:rosyjski
Wydane: Москва, Изд-во НИИ проблем высшей школы, 1989
Hasła przedmiotowe:
Format: Książka
KOHA link:https://koha.lib.tpu.ru/cgi-bin/koha/opac-detail.pl?biblionumber=378541

MARC

LEADER 00000nam0a2200000 4500
001 378541
005 20231102013019.0
035 |a (RuTPU)RU\TPU\retro\35997 
035 |a RU\TPU\book\277310 
090 |a 378541 
100 |a 20230601d1989 k y0rusy50 ca 
101 1 |a rus  |c eng 
102 |a RU 
105 |a y z 101zy 
200 1 |a Искусство и наука системной практики  |e материалы международного круглого стола, состоявшегося в ИИАСА(Международного института прикладного системного анализа), 6-8 ноября 1986 года, Лаксендург, Австрия  |f Научно-исследовательский институт проблем высшей школы ; под ред. Ф. И. Перегудова 
210 |a Москва  |c Изд-во НИИ проблем высшей школы  |d 1989 
215 |a 190 с. 
320 |a Библиография в конце статей 
606 1 |a Системные исследования  |2 stltpush  |3 (RuTPU)RU\TPU\subj\68146  |9 83647 
610 1 |a системно-деятельностные модели 
610 1 |a системно-структурный анализ 
610 1 |a системное моделирование 
610 1 |a системное проектирование 
610 1 |a системное обучение 
610 1 |a системная практика 
610 1 |a конференции 
686 |a Ч215л0  |v LBC/SL-A  |2 rubbk 
702 1 |a Перегудов  |b Ф. И.  |4 340 
712 0 2 |a Научно-исследовательский институт проблем высшей школы  |2 stltpush  |3 (RuTPU)RU\TPU\col\13672  |9 25747 
712 1 2 |a Искусство и наука системной практики  |b международный круглый стол  |e Австрия  |f 1989 
801 1 |a RU  |b 63413507  |c 20140324 
801 2 |a RU  |b 63413507  |c 20230601  |g RCR 
942 |c BK